| 000 | 03757cam a22012134i 4500 | ||
|---|---|---|---|
| 003 | PE-LiUPU | ||
| 005 | 20250813185418.0 | ||
| 008 | 150616s r 000 0 d | ||
| 035 | _a(Sirsi) a2429 | ||
| 040 |
_aPE-LiUPU _bspa _cPE-LiUPU _erda |
||
| 049 | _aPRUA | ||
| 082 | 0 | 4 |
_a370.98 _bC74 _221 |
| 111 | 2 |
_aCongreso Internacional de Americanistas. _n46º. _d3-6 de julio _cAmsterdam, Holanda |
|
| 245 | 1 | 0 |
_aPueblos indios, estados y educación / _cLuis Enrique López y Ruth Moya, editores ; Lucie de Vries [y otros]. |
| 264 | 1 |
_aLima : _bLuis Enrique López y Ruth Moya, _c1989. |
|
| 300 |
_a566 páginas : _bilustraciones cuadros ; _c21 cm. |
||
| 336 |
_atext _2rdacontent |
||
| 337 |
_aunmediated _2rdamedia |
||
| 338 |
_avolume _2rdacarrier |
||
| 504 | _aIncluye bibliografía. | ||
| 505 | 0 | _aPolíticas estatales de educación y lengua -- Política lingüística y educación bilingüe en los países andinos relativas a los quechuahablantes -- Verdades y falacias de la política lingüístico-educativa en Bolivia -- El proceso de etnoeducación en Colombia: Una alternativa para el ejercicio de la autonomía -- Modelos de educación indígena en Chile -- Políticas educativo-culturales y autogestión: el caso de Ecuador -- La política lingüística peruana y la educación de la población indígena -- Problemas de educación y modelos de desarrollo -- Experiencias de educación bilingüe intercultural -- Caracterización de la educación primaria bilingüe intercultural -- Caracterización de la educación primaria bilingüe intercultural para niños de habla vernacula. | |
| 526 | _aP202 | ||
| 526 | _aP201 | ||
| 526 | _aP163 | ||
| 526 | _aP162 | ||
| 526 | _aP161 | ||
| 526 | _aP160 | ||
| 526 | _aP148 | ||
| 526 | _aP147 | ||
| 526 | _aP146 | ||
| 526 | _aP145 | ||
| 526 | _aP144 | ||
| 526 | _aP143 | ||
| 526 | _aP142 | ||
| 526 | _aP141 | ||
| 526 | _aP140 | ||
| 526 | _aP139 | ||
| 526 | _aP138 | ||
| 526 | _aP137 | ||
| 526 | _aP136 | ||
| 526 | _aP135 | ||
| 526 | _aP134 | ||
| 526 | _aP133 | ||
| 526 | _aP129 | ||
| 526 | _aP128 | ||
| 526 | _aP127 | ||
| 526 | _aP120 | ||
| 526 | _aP119 | ||
| 526 | _aP118 | ||
| 526 | _aP116 | ||
| 526 | _aP115 | ||
| 526 | _aP114 | ||
| 526 | _aP110 | ||
| 526 | _aP109 | ||
| 526 | _aP108 | ||
| 526 | _aP104 | ||
| 526 | _aP103 | ||
| 526 | _aP102 | ||
| 526 | _aP99 | ||
| 526 | _aP98 | ||
| 526 | _aP97 | ||
| 526 | _aP96 | ||
| 526 | _aP95 | ||
| 526 | _aP93 | ||
| 526 | _aP90 | ||
| 526 | _aP89 | ||
| 526 | _aP88 | ||
| 526 | _aP83 | ||
| 526 | _aP82 | ||
| 526 | _aP62 | ||
| 526 | _aP59 | ||
| 526 | _aP58 | ||
| 526 | _aP57 | ||
| 526 | _aP51 | ||
| 526 | _aP49 | ||
| 526 | _aP48 | ||
| 526 | _aP47 | ||
| 526 | _aP29 | ||
| 526 | _aP24 | ||
| 526 | _aP20 | ||
| 526 | _aP19 | ||
| 526 | _aP17 | ||
| 526 | _aP15 | ||
| 526 | _aP14 | ||
| 526 | _aP12 | ||
| 526 | _aP10 | ||
| 526 | _aP09 | ||
| 526 | _aP08 | ||
| 526 | _aP07 | ||
| 526 | _aP06 | ||
| 526 | _aP05 | ||
| 526 | _aP04 | ||
| 526 | _aP01 | ||
| 650 | 0 | 4 |
_aEducación _zAmérica del Sur _vCongresos. |
| 650 | 0 | 4 |
_aEducación bilingüe _zAmérica del Sur _vCongresos. |
| 650 | 0 | 4 |
_aEducación multicultural _xAspectos sociales _zAmérica Latina. |
| 910 |
_ajck _bjvq _cjck |
||
| 942 |
_2ddc _cBOOK |
||
| 949 |
_a370.98 C74 _wDEWEY _c1 _i32630 _lCCODEBUL1 _mBUL _p00.00 _r0 _sY _tBOOK _u19921007 _xEDUCACION _PP20 _0COMPRA _o.STAFF. Colección General |
||
| 994 |
_aC0 _bPEPRU |
||
| 596 | _a1 | ||
| 999 |
_a370.98 C74 _wDEWEY _c27750 _i32630 _f2021-11-8 _g5 _lCCODEBUL1 _mBUL _r0 _sY _tBOOK _u2015-6-16 _xEDUCACION _PP20 _0COMPRA _o.STAFF. Colección General _d27750 |
||
| 980 |
_81 _gALBERTO SANCHEZ Responsable de Automatización |
||